000 00461nam a2200181Ia 4500
001 7923
005 20260306160531.0
008 260306t2001||||xx |||||||||||||| ||spa||
041 _aESP
082 _a363.8
_bR32
100 _aRebosio Arana, Guillermo
_eAUT
245 0 _aIngreso campesino y compras estatales de alimentos en el Perú
260 _c2001
300 _a147 páginas :
_c20 cm.
650 _aGEN
654 _aCIA
942 _cLIB
_dJUS
_fJUS
_2ddc
_n
999 _c7923
_d7923